| 000 | 00549nam a22001817a 4500 | ||
|---|---|---|---|
| 999 |
_c167340 _d167340 |
||
| 010 | _aENG-126343 | ||
| 020 |
_a978-93-86191-47-2 _c350.00 |
||
| 035 | _aEN-109875 | ||
| 037 | _aDBAD/PUB | ||
| 082 | _aN | ||
| 100 | _aNair,Suresh | ||
| 245 |
_aIn Her Shadow In Her Shade/ _cby Suresh Nair |
||
| 260 |
_bPublished By LiFi _c2018 _aDelhi |
||
| 270 |
_a211, 2nd Floor, Gangandeep 12,Rajendra Place _bDelhi _e110008 _minfo@lifipublications.com _k011-25741000 |
||
| 300 |
_a138p. _b20cm.(pbk) |
||
| 650 | _aEnglish Novel | ||
| 942 |
_2ddc _cEN _hN _mNAI |
||